000 00559nam a2200205Ia 4500
005 20240415101319.0
008 131103s9999 xx 000 0 und d
020 _a8172221800
_cRs.100
040 _aLoreto College
041 _aEnglish
082 _a425
_bJOS
100 _aJoseph, C J
245 2 _aA comprehensive grammar of current English
_cC J Joseph, E G Myall, edited by A. Biswas
260 _aDelhi
_bInter University Press
_c2001
300 _a554p.
650 _aEnglish grammar
700 _aMyall, E G
850 _aLCBED
942 _cBK
999 _c29748
_d80227